Molecular detection of multidrug resistant salmonella spp. isolated from food animals of selected areas of dhaka division, bangladesh / (Record no. 18397)

MARC details
000 -LEADER
fixed length control field 01157nam a22002777a 4500
001 - CONTROL NUMBER
control field BD-DhSAU 9278
003 - CONTROL NUMBER IDENTIFIER
control field BD-DhSAU
005 - DATE AND TIME OF LATEST TRANSACTION
control field 20260513105740.0
008 - FIXED-LENGTH DATA ELEMENTS--GENERAL INFORMATION
fixed length control field 260513b2018 bg a|||| m||| 00| 0 eng d
040 ## - CATALOGING SOURCE
Original cataloging agency BD-DhSAU
082 ## - DEWEY DECIMAL CLASSIFICATION NUMBER
Edition number 22
Classification number 616.96
Item number R1378
100 ## - MAIN ENTRY--PERSONAL NAME
Personal name HASSAN, MD. RAKIBUL
Relator term Registration # 18-08803
245 ## - TITLE STATEMENT
Title Molecular detection of multidrug resistant<br/>salmonella spp. isolated from food animals of <br/>selected areas of dhaka division, bangladesh /<br/><br/><br/>
Remainder of title MS thesis
260 ## - PUBLICATION, DISTRIBUTION, ETC. (IMPRINT)
Place of publication, distribution, etc. Sher-e-Bangla Agricultural University;
Name of publisher, distributor, etc. Department of Microbiology and parasitology ;
Date of publication, distribution, etc. 2024.
300 ## - PHYSICAL DESCRIPTION
Extent x, 60p. :
Other physical details ill. ;
Dimensions 30 cm.
500 ## - GENERAL NOTE
General note MS thesis of Department of Microbiology and parasitology, ;, Faculty of ASVM. Sher-e-Balgla Agricultural University Dhaka-1207
504 ## - BIBLIOGRAPHY, ETC. NOTE
Bibliography, etc Includes bibliographical reference.
590 ## - Name of Cataloguer
Name of Cataloger Nazmul
650 ## - SUBJECT ADDED ENTRY--TOPICAL TERM
Topical term or geographic name as entry element molecular detection
650 ## - SUBJECT ADDED ENTRY--TOPICAL TERM
Topical term or geographic name as entry element multidrug resistant salmonella spp.
651 ## - SUBJECT ADDED ENTRY--GEOGRAPHIC NAME
Geographic name food animals
700 ## - ADDED ENTRY--PERSONAL NAME
Personal name Assico. Prof. Dr. Mahfuzul Islam
Relator term Superviser
710 ## - ADDED ENTRY--CORPORATE NAME
Relator term Co-Superviser
Corporate name or jurisdiction name as entry element Assico. Prof. Md. Kamrul Hassan
942 ## - ADDED ENTRY ELEMENTS (KOHA)
Source of classification or shelving scheme Dewey Decimal Classification
Koha item type MS Level Thesis
Holdings
Withdrawn status Lost status Source of classification or shelving scheme Damaged status Not for loan Collection code Home library Branch Name Date acquired Total Checkouts Full call number Barcode Date last seen Price effective from Koha item type
    Dewey Decimal Classification   Not For Loan Reference SAU Library SAU Library 13/05/2026   616.96 R1378 46289 13/05/2026 13/05/2026 MS Level Thesis